All Events at the 2024 Summer Olympics - Statistics

General Stats
  • This quiz has been taken 201 times
  • The average score is 76 of 216
Answer Stats
Hint Answer % Correct
Athletics 100m
90%
Athletics 200m
88%
Athletics 400m
86%
Athletics 800m
82%
Athletics 1500m
74%
Athletics Javelin throw
71%
Athletics Marathon
71%
Athletics Shot put
69%
Athletics 5000m
68%
Athletics High jump
68%
Athletics Long jump
68%
Athletics 10,000m
67%
Athletics Discus throw
67%
Aquatics- Swimming 100m freestyle
65%
Aquatics- Swimming 200m freestyle
64%
Athletics Pole vault
64%
Athletics Triple jump
63%
Badminton | Tennis Doubles
62%
Aquatics - Swimming 100m breaststroke
61%
Badminton | Table tennis | Tennis Singles
61%
Aquatics - Swimming 100m butterfly
60%
Athletics Hammer throw
60%
Aquatics - Artistic Swimming | Archery | Table tennis Team
60%
Aquatics - Swimming 100m backstroke
59%
Aquatics - Swimming 200m breaststroke
59%
Aquatics - Swimming 400m freestyle
58%
Aquatics - Swimming 200m backstroke
57%
Aquatics - Swimming 4 x 100m freestyle relay
57%
Boxing - Men's 80kg (light heavyweight)
57%
Athletics 4 x 100m relay
56%
Gymnastics - Artistic Floor
56%
Aquatics - Swimming 200m butterfly
55%
Aquatics - Swimming 50m freestyle
55%
Boxing - Women's 60kg (lightweight)
55%
Athletics 110m hurdles
53%
Athletics 3000m steeplechase
53%
Aquatics - Swimming 800m freestyle
51%
Boxing - Men's 92kg (heavyweight)
51%
Athletics 100m hurdles
50%
Athletics 400m hurdles
50%
Gymnastics - Artistic Balance beam
49%
Athletics Decathlon
49%
Badminton Mixed Doubles
49%
Table tennis | Tennis Mixed doubles
49%
Gymnastics - Artistic Rings
49%
Gymnastics - Artistic Vault
49%
Aquatics - Swimming 1500m freestyle
48%
Athletics 4 x 400m relay
48%
Boxing - Men's | Boxing - Women's 57kg (featherweight)
48%
Gymnastics - Artistic Pommel Horse
47%
Gymnastics - Artistic Uneven bars
47%
Boxing - Women's 50kg (flyweight)
46%
Boxing - Women's 66kg (welterweight)
46%
Boxing - Women's 75kg (middleweight)
45%
Triathlon
45%
Equestrian Dressage
44%
Athletics Heptathlon
44%
Boxing - Men's 71kg (welterweight)
43%
Judo - Men's 100kg
42%
Judo - Men's +100kg
42%
Archery Individual
42%
Judo - Men's | Wrestling- Men's Greco-Roman 60kg
41%
Aquatics - Swimming 200m individual medley
39%
Wrestling- Women's Freestyle 50kg
39%
Boxing - Women's 54kg (bantamweight)
39%
Wrestling - Men's Freestyle 65kg
39%
Taekwondo - Men's 80kg
39%
Taekwondo - Men's +80kg
39%
Judo - Men's 90kg
39%
Boxing - Men's 63.5kg (lightweight)
38%
Judo - Women's 70kg
38%
Boxing - Men's +92kg (super heavyweight)
38%
Gymnastics - Artistic Parallel bars
38%
Boxing - Men's 51kg (flyweight)
37%
Judo - Men's 66kg
37%
Aquatics - Swimming 400m individual medley
36%
Football
36%
Aquatics Water Polo
36%
Judo - Men's | Weightlifting - Men's 73kg
35%
Gymnastics - Artistic Horizontal bar
35%
Aquatics - Diving 3m springboard
34%
Judo - Women's 52kg
34%
Judo - Women's | Taekwondo - Women's | Wrestling - Men's Freestyle | Wrestling- Women's Freestyle 57kg
34%
Judo - Women's 63kg
34%
Taekwondo - Women's | Wrestling- Men's Greco-Roman 67kg
34%
Taekwondo - Women's +67kg
34%
Taekwondo - Men's | Wrestling- Women's Freestyle 68kg
34%
Weightlifting - Women's 71kg
34%
Basketball
34%
Fencing Epee
34%
Gymnastics Trampoline
34%
Aquatics - Marathon Swimming 10km open water
33%
Aquatics - Diving 10m platform
33%
Wrestling- Women's Freestyle 62kg
33%
Weightlifting - Men's 61kg
32%
Judo - Women's 78kg
32%
Judo - Women's +78kg
32%
Judo - Men's | Weightlifting - Women's 81kg
32%
Weightlifting - Women's +81kg
32%
Cycling - Road Road race
32%
Sport climbing Speed
32%
Athletics 20km race walk
31%
Aquatics - Swimming 4 x 200m freestyle relay
31%
Taekwondo - Men's 58kg
31%
Weightlifting - Women's 59kg
31%
Wrestling- Men's Greco-Roman 77kg
31%
Taekwondo - Women's | Weightlifting - Women's 49kg
30%
Wrestling- Women's Freestyle 53kg
30%
Wrestling- Men's Greco-Roman 87kg
30%
Judo - Women's 48kg
29%
Wrestling - Men's Freestyle 74kg
29%
Wrestling - Men's Freestyle 86kg
29%
Wrestling - Men's Freestyle | Wrestling- Men's Greco-Roman 97kg
29%
Fencing Sabre
29%
Cycling - Track Sprint
29%
Aquatics - Swimming 4 x 100m mixed medley relay
28%
Equestrian Jumping
28%
Weightlifting - Men's 102kg
27%
Weightlifting - Men's +102kg
27%
Aquatics - Swimming 4 x 100m medley relay
27%
Wrestling- Women's Freestyle 76kg
27%
Weightlifting - Men's 89kg
27%
Gymnastics - Artistic | Gymnastics - Rhythmic All-around
27%
Fencing Foil
27%
Archery Mixed Team
27%
Judo Mixed team
27%
Volleyball
27%
Golf
26%
Shooting Skeet
26%
Cycling - Road Time Trial
26%
Handball
25%
Skateboarding Park
25%
Surfing
25%
Aquatics - Diving 10m synchronized platform
24%
Field hockey
24%
Cycling Mountain biking
24%
Aquatics - Diving 3m synchronized springboard
23%
Athletics 4 x 400m mixed relay
23%
Beach Volleyball
23%
Equestrian Eventing
23%
Cycling - Track Omnium
23%
Rugby sevens
23%
Rowing Eight
22%
Skateboarding Street
22%
3 x 3 basketball
21%
Cycling - Track Keirin
21%
Modern pentathlon
21%
Rowing Single sculls
21%
Fencing Team epee
21%
Shooting Trap
21%
Shooting 10m air pistol
20%
Breaking
20%
Aquatics - Artistic Swimming Duet
20%
Canoe Slalom K-1
20%
Wrestling - Men's Freestyle 125kg
19%
Rowing Double sculls
19%
Fencing Team sabre
19%
Cycling - Track Team sprint
19%
Canoe Slalom C-1
18%
Fencing Team foil
18%
Equestrian Team jumping
18%
Cycling - Track Team pursuit
18%
Shooting 10m air rifle
17%
Wrestling- Men's Greco-Roman 130kg
17%
Cycling - Track Madison
17%
Equestrian Team dressage
17%
Cycling BMX freestyle
16%
Cycling BMX race
16%
Canoe Slalom Kayak cross
16%
Athletics Marathon race walk mixed relay
16%
Gymnastics - Artistic Team all-around
16%
Equestrian Team eventing
16%
Sailing Windsurfing
15%
Sport climbing Combined
14%
Shooting 25m rapid fire pistol
13%
Sailing Dinghy
13%
Rowing Quadruple sculls
13%
Sailing Skiff
13%
Shooting 25m pistol
12%
Shooting 50m rifle three positions
12%
Rowing Coxless four
12%
Shooting Skeet mixed team
12%
Triathlon Mixed Relay
12%
Canoe Sprint K-2 500m
11%
Rowing Lightweight double sculls
11%
Canoe Sprint C-1 1000m
10%
Canoe Sprint C-1 200m
10%
Canoe Sprint C-2 500m
10%
Rowing Coxless pair
10%
Canoe Sprint K-1 1000m
10%
Canoe Sprint K-1 500m
10%
Canoe Sprint K-4 500m
10%
Sailing Mixed dinghy
10%
Shooting 10m air pistol mixed team
9%
Shooting 10m air rifle mixed team
9%
Gymnastics - Rhythmic Group all-around
8%
Sailing Kiteboard
8%
Sailing Mixed Catamaran
7%
No matching quizzes found
Score Distribution
Percent of People with Each Score
Percentile by Number Answered
Your Score History
You have not taken this quiz